Celebrities at Disneyland Quiz Stats

Quiz Updated Mar 3, 2016

Challenge
Share
Tweet
Score 0/20 Timer 05:00
1 Play Today
% Correct
Katy Perry
97.2%
Tom & Suri Cruise
90.7%
Johnny Depp & Keith Richards
90.1%
Lady Gaga
86.8%
Tina Fey & John Stamos
85.1%
Will Ferrell
82.5%
Tim Allen
78.9%
Steve Carell
77.8%
James Franco
74.6%
David Beckham
74.3%
% Correct
Michael Phelps
74.1%
Julie Andrews
69.7%
Arnold Schwarzenegger
69.3%
Stephen Colbert
63.8%
Larry King
61.1%
Backstreet Boys
60.5%
Serena Williams
58.2%
Jason Sudeikis & Olivia Wilde
54.7%
Aaron Rodgers
43.7%
Rafael Nadal
42.3%

You're not logged in!

Compare scores with friends on all Sporcle quizzes.
Sign Up with Email
OR
Log In

You Might Also Like...

Show Comments

Extras

Top Quizzes Today


Score Distribution

Your Account Isn't Verified!

In order to create a playlist on Sporcle, you need to verify the email address you used during registration. Go to your Sporcle Settings to finish the process.